000
00336nam a22001457a 4500
008
221207b ||||| |||| 00| 0 eng d
020
_a
9780321794406
041
_a
eng
080
_2
NINTH EDITION
_a
611
082
_a
611MAR
100
_a
10.2
101
_a
ANATO
245
_a
HUMAN ANATOMY&PHYSIOLOGY
_c
MARIEB N E
942
_2
udc
_c
BK
999
_c
59125
_d
59125